000 01333nam a2200385 i 4500
001 6470
003 KOSZ 005
005 20210525123921.0
008 961010s1990 pl a f |000 0 pol d
020 _a837000072X
040 _cKOSZ 005
_aKOSZ 005
_dKOSZ 005/HR
041 _apol
046 _k1990
080 _a528.8
080 _a910:004.65
080 _a711.2
080 _a(075.8)
100 1 _aGaździcki, Jerzy
_eAutor
245 0 _aSystem informacji przestrzennej /
_cJerzy Gaździcki.
260 _aWarszawa ;
_aWrocław :
_bPaństwowe Przedsiębiorstwo Wydawnictw Kartograficznych im. Eugeniusza Romera,
_c1990.
300 _a182, [1] s. :
_bfot. (w tym kolor.), rys., wykr. ;
_c24 cm.
336 _2rdacontent
_aTekst
_btxt
337 _2rdamedia
_aBez urządzenia pośredniczącego
_bn
338 _2rdacarrier
_aWolumin
_bnc
380 _aKsiążki
388 _a1901-2000
388 _a1989-2000
504 _aBibliogr. s. 180-183.
650 _aGeoinformacja
650 _aPlanowanie przestrzenne
658 _aGeografia i nauki o Ziemi
710 _aPaństwowe Przedsiębiorstwo Wydawnictw Kartograficznych im. Eugeniusza Romera
_4pbl
856 _uhttp://koha.tu.koszalin.pl/cgi-bin/koha/opac-detail.pl?biblionumber=6470
_yKatalog online BPK
942 _cKS
_2UKD
999 _c6470
_d6470